| 000 | 00428cam a22001457a 4500 | ||
|---|---|---|---|
| 008 | 180718b2000 xxu||||| |||| 00| 0 eng d | ||
| 020 | _a8122005810 | ||
| 082 | _aT19x54 L139 | ||
| 100 | _aLahiri, Ashok K. | ||
| 245 |
_aMid-year review of the Indian economy, 1999-2000 _cby Ashok K. Lahiri |
||
| 260 |
_aDelhi _bKonark _c2000 |
||
| 300 | _a96p. | ||
| 650 | _aIndia - Economic conditions | ||
| 650 | _aEconomic development - India | ||
| 999 |
_c492130 _d492130 |
||